Keď dozrievajú šípky

Bibliographic Details
Main Author: Schenková, Beáta (Author)
Format: Article
Language:Slovak
Subjects:

MARC

LEADER 00000nab a2200000 a 4500
001 vtls000046953
003 SK-MaSNL
005 20260303225358.0
008 180409c1979 xo 0 slo
015 |a SNBRB19rr/mm-uuuuu 
035 |a CL0057049 
040 |a SNKBUCL  |b slo  |c SNKBUCL  |e AACR2 
041 0 |a slo 
044 |a xo  |c SK 
080 |a 885.4-1  |2 1981 
100 1 |a Schenková, Beáta  |4 aut  |9 1256597 
245 1 0 |a Keď dozrievajú šípky  |c Beáta Schenková 
500 |a Príloha časopisu Nové slovo č. 29, 1979 
650 0 7 |a Slovenské národné povstanie (1944)  |2 snkbucl  |9 177948 
655 7 |a články z novín a časopisov  |2 snkbucl  |9 267496 
655 7 |a články z odboru literárna veda a krásna literatúra  |2 snkbucl  |9 770045 
655 7 |a slovenská poézia  |2 snkbucl  |9 70444 
773 0 |t Nové slovo mladých  |g Roč. 2, č. 7 (1979), s. 6 
850 |a Slovenská národná knižnica 
852 |a Slovenská národná knižnica 
958 |a RK 
958 |a LX 
992 |a RBX 
999 |c 2256797  |d 2258727